| 000 | 00922nam a2200229Ia 4500 | ||
|---|---|---|---|
| 999 |
_c39316 _d39316 |
||
| 001 | 5902 | ||
| 003 | GE_BSU | ||
| 005 | 20190822104620.0 | ||
| 008 | 181216s1966||||ge |||||||||||||| ||geo|| | ||
| 040 | _cGE_BSU | ||
| 041 | _ageo | ||
| 080 | _a821.353.1-13 ა-13 | ||
| 100 |
_aაბაშიძე, გრიგოლ _91383 |
||
| 245 |
_aგიორგი VI : _bპოემა / _c გრიგოლ აბაშიძე ; რედ. ელ. უბილავა ; მხატვ. ლევან ცუცქირიძე. |
||
| 264 |
_aთბილისი : _bნაკადული ; _c1966. |
||
| 300 |
_a60 გვ. : _bილ. ; _c21სმ. |
||
| 653 | _aგიორგი VI | ||
| 653 | _aპოემა | ||
| 700 |
_aუბილავა, ელ. _eრედაქტორი _93735 |
||
| 700 |
_aცუცქირიძე, ლევან _eმხატვარი _93736 |
||
| 942 |
_cBK _2udc |
||